[Event "Pardubice Czech op-A 32nd"]
[Site "Pardubice"]
[Date "2021.07.29"]
[Round "7"]
[White "Noe, Christopher"]
[Black "Simek, Petr"]
[Result "1-0"]
[WhiteElo "2527"]
[BlackElo "2282"]
[PlyCount "51"]
[EventDate "2021.07.23"]
[EventType "swiss"]
[EventRounds "9"]
[EventCountry "CZE"]
[SourceTitle "CBM 203 Extra"]
[Source "ChessBase"]
[SourceDate "2021.09.30"]
[SourceVersion "1"]
[SourceVersionDate "2021.09.30"]
[SourceQuality "1"]

1. Nf3 d5 2. d4 Nf6 3. c4 e6 4. Qc2 Be7 5. Bg5 h6 6. Bh4 0-0 7. e3 Nbd7 8. Nc3 c5 9. dxc5 Nxc5 10. Rd1 Qa5 11. Nd2 g5 12. Bg3 Nfe4 13. Be5 Rd8 14. Be2 Nxd2 15. Rxd2 dxc4 16. Rxd8+ Bxd8 17. Bxc4 Bd7 18. 0-0 Bc6 19. Bd4 Nd7 20. Bxe6 fxe6 21. Qg6+ Kf8 22. f4 Ke7 23. f5 Bd5 24. fxe6 Bxe6 25. Bf6+ Kd6 26. Ne4+ 1-0

[Event "Prague op"]
[Site "Prague"]
[Date "2020.02.20"]
[Round "7"]
[White "Hoang, Thanh Trang"]
[Black "Simek, Petr"]
[Result "0-1"]
[WhiteElo "2424"]
[BlackElo "2313"]
[PlyCount "98"]
[EventDate "2020.02.14"]
[EventType "swiss"]
[EventRounds "9"]
[EventCountry "CZE"]
[SourceTitle "CBM 195 Extra"]
[Source "ChessBase"]
[SourceDate "2020.05.31"]
[SourceVersion "1"]
[SourceVersionDate "2020.05.31"]
[SourceQuality "1"]

1. d4 Nf6 2. Bg5 d5 3. Bxf6 gxf6 4. e3 c5 5. dxc5 Nc6 6. Bb5 e6 7. c4 dxc4 8. Qxd8+ Kxd8 9. Nd2 c3 10. bxc3 Bxc5 11. Ngf3 Bd7 12. Rb1 Kc7 13. Ke2 Rad8 14. Rhd1 Be7 15. Nd4 a6 16. Nxc6 Bxc6 17. Bxc6 Kxc6 18. Nb3 b6 19. Rd4 Rxd4 20. exd4 Rg8 21. g3 Bd6 22. Nd2 Bc7 23. Kd3 h5 24. Nf3 b5 25. c4 bxc4+ 26. Kxc4 Rd8 27. Ne1 Rd5 28. Nd3 Ra5 29. Rc1 Bd6 30. Rc2 Ra4+ 31. Kc3 Kd5 32. Rd2 a5 33. Rb2 Rc4+ 34. Kd2 Kxd4 35. Rb5 Ra4 36. Nc1 f5 37. Rb7 Bb4+ 38. Kc2 Be1 39. Rd7+ Ke4 40. Rxf7 Bxf2 41. Rh7 Be3 42. Kb2 Rb4+ 43. Nb3 a4 44. Kc3 axb3 45. axb3 Rb8 46. Rxh5 e5 47. Rh7 Rc8+ 48. Kb2 f4 49. gxf4 exf4 0-1

[Event "CZE-chT2A 1819"]
[Site "Czech Republic"]
[Date "2018.11.18"]
[Round "3.2"]
[White "Trichkov, Vasil"]
[Black "Simek, Petr"]
[Result "1/2-1/2"]
[WhiteElo "2312"]
[BlackElo "2290"]
[PlyCount "57"]
[EventDate "2018.10.14"]
[EventType "team-tourn"]
[EventRounds "11"]
[EventCountry "CZE"]
[SourceTitle "EXT 2022"]
[Source "ChessBase"]
[SourceDate "2021.10.06"]
[SourceVersion "1"]
[SourceVersionDate "2021.10.06"]
[SourceQuality "1"]
[WhiteTeam "Praha Bohemians"]
[BlackTeam "Unichess Underground"]
[WhiteTeamCountry "CZE"]
[BlackTeamCountry "CZE"]

1. d4 Nf6 2. Nf3 e6 3. g3 c5 4. Bg2 cxd4 5. 0-0 d5 6. Nxd4 e5 7. Nb3 Be6 8. Bg5 Nbd7 9. e4 dxe4 10. Nc3 Be7 11. Re1 0-0 12. Nxe4 Qc7 13. Qe2 h6 14. Nxf6+ Nxf6 15. Bd2 Qxc2 16. Bc3 Qxe2 17. Rxe2 e4 18. Nd2 Nd5 19. Nxe4 Bg4 20. Ree1 Nxc3 21. Nxc3 Bf6 22. Re4 Be6 23. Rb4 Rab8 24. Nd5 Bxd5 25. Bxd5 b6 26. Rd1 Rbc8 27. Rc4 Rxc4 28. Bxc4 Rd8 29. Rxd8+ 1/2-1/2

[Event "CZE-chT2A 1516"]
[Site "Czech Republic"]
[Date "2015.12.06"]
[Round "4.1"]
[White "Orsag, Milan"]
[Black "Simek, Petr"]
[Result "0-1"]
[WhiteElo "2340"]
[BlackElo "2382"]
[PlyCount "102"]
[EventDate "2015.10.18"]
[EventType "team-tourn"]
[EventRounds "11"]
[EventCountry "CZE"]
[SourceTitle "EXT 2022"]
[Source "ChessBase"]
[SourceDate "2021.10.06"]
[SourceVersion "1"]
[SourceVersionDate "2021.10.06"]
[SourceQuality "1"]
[WhiteTeam "Praha Dukla"]
[BlackTeam "Unichess III"]
[WhiteTeamCountry "CZE"]
[BlackTeamCountry "CZE"]

1. d4 g6 2. Nf3 Bg7 3. c4 c5 4. e3 Nf6 5. Nc3 0-0 6. Be2 cxd4 7. exd4 d5 8. 0-0 Nc6 9. h3 dxc4 10. Bxc4 Na5 11. Be2 Be6 12. Bg5 Rc8 13. Rc1 Bc4 14. Re1 Re8 15. Qd2 Qb6 16. b3 Bxe2 17. Qxe2 Rcd8 18. Bf4 Nc6 19. Be3 Nd5 20. Na4 Qb4 21. Rc4 Qb5 22. Nc5 Nxe3 23. fxe3 e5 24. dxe5 Nxe5 25. Nxe5 Bxe5 26. Qf3 Re7 27. Ne4 Qb6 28. Kh1 Kg7 29. Rf1 Bb8 30. g4 h6 31. h4 Qe6 32. a4 Qe5 33. Qf4 Qb2 34. Qf2 Qxf2 35. Rxf2 Be5 36. Rf3 b6 37. Nf2 Rc7 38. Rxc7 Bxc7 39. Kg2 Rd2 40. e4 Bd8 41. Kg3 Be7 42. Nd3 f6 43. Kf4 Rh2 44. e5 Rxh4 45. Nf2 f5 46. Kg3 fxg4 47. Rd3 Rh5 48. Nxg4 Kf7 49. Rd7 Ke6 50. Rxa7 Rg5 51. Kf4 Rf5+ 0-1

[Event "Klatovy op-A"]
[Site "Klatovy"]
[Date "2013.07.02"]
[Round "4"]
[White "Simek, Petr"]
[Black "Schatz, Christian"]
[Result "1-0"]
[WhiteElo "2378"]
[BlackElo "2232"]
[PlyCount "82"]
[EventDate "2013.06.29"]
[EventType "swiss"]
[EventRounds "9"]
[EventCountry "CZE"]
[SourceTitle "EXT 2014"]
[Source "ChessBase"]
[SourceDate "2013.11.20"]
[SourceVersion "1"]
[SourceVersionDate "2013.11.20"]
[SourceQuality "1"]

1. e4 c6 2. d4 d5 3. Nc3 dxe4 4. Nxe4 Bf5 5. Ng3 Bg6 6. N1e2 e6 7. Nf4 Bd6 8. Nfh5 Kf8 9. c3 Nd7 10. Qf3 Ngf6 11. Bc4 Nb6 12. Bb3 Nbd5 13. Nf4 Nxf4 14. Bxf4 Bxf4 15. Qxf4 Nd5 16. Qd2 Qh4 17. 0-0 Qf4 18. Rad1 Rd8 19. Qe1 h5 20. c4 Nf6 21. Qa5 Qb8 22. h4 Kg8 23. Qg5 Rh6 24. d5 exd5 25. cxd5 cxd5 26. Bxd5 Bc2 27. Rd4 Rg6 28. Qd2 Rxd5 29. Rxd5 Nxd5 30. Qxd5 Qf4 31. Qxh5 Rh6 32. Qc5 Rc6 33. Qe7 Rf6 34. Nh5 Qxh4 35. Nxf6+ gxf6 36. Qxb7 Be4 37. Qb8+ Kg7 38. Qg3+ Qg5 39. Re1 Bd5 40. a3 Be6 41. Qxg5+ fxg5 1-0

[Event "Klatovy op-A"]
[Site "Klatovy"]
[Date "2013.07.01"]
[Round "3"]
[White "Vorisek, Jaroslav"]
[Black "Simek, Petr"]
[Result "1/2-1/2"]
[WhiteElo "2259"]
[BlackElo "2378"]
[PlyCount "64"]
[EventDate "2013.06.29"]
[EventType "swiss"]
[EventRounds "9"]
[EventCountry "CZE"]
[SourceTitle "EXT 2014"]
[Source "ChessBase"]
[SourceDate "2013.11.20"]
[SourceVersion "1"]
[SourceVersionDate "2013.11.20"]
[SourceQuality "1"]

1. d4 g6 2. c4 Bg7 3. e4 c5 4. d5 d6 5. Nc3 e6 6. f4 exd5 7. cxd5 Nh6 8. Nf3 0-0 9. Be2 Bg4 10. 0-0 Nd7 11. Ng5 Bxe2 12. Qxe2 Re8 13. Be3 a6 14. a4 Nf5 15. Bf2 Nd4 16. Qd3 Rc8 17. Rae1 h6 18. Nxf7 Kxf7 19. e5 Nf8 20. Bxd4 cxd4 21. Ne4 dxe5 22. fxe5+ Kg8 23. Nf6+ Bxf6 24. Rxf6 Qxf6 25. exf6 Rxe1+ 26. Kf2 Rce8 27. Qxd4 R8e2+ 28. Kg3 Re3+ 29. Kf2 Nd7 30. Qg4 R1e2+ 31. Kf1 Re1+ 32. Kf2 R1e2+ 1/2-1/2

[Event "CZE-chT2B 1011"]
[Site "Czech Republic"]
[Date "2011.03.27"]
[Round "10.2"]
[White "Simek, Petr"]
[Black "Hlavac, Rudolf"]
[Result "1-0"]
[WhiteElo "2302"]
[BlackElo "2103"]
[PlyCount "203"]
[EventDate "2010.10.17"]
[EventType "team-tourn"]
[EventRounds "11"]
[EventCountry "CZE"]
[SourceTitle "EXT 2012"]
[Source "ChessBase"]
[SourceDate "2011.11.24"]
[SourceVersion "1"]
[SourceVersionDate "2011.11.24"]
[SourceQuality "1"]
[WhiteTeam "Postovni sporitelna II"]
[BlackTeam "Sokolov"]
[WhiteTeamCountry "CZE"]
[BlackTeamCountry "CZE"]

1. e4 c5 2. Nf3 Nc6 3. Nc3 g6 4. d4 cxd4 5. Nxd4 Bg7 6. Be3 Nf6 7. Bc4 0-0 8. Bb3 a5 9. 0-0 d6 10. f3 Nxd4 11. Bxd4 Bd7 12. a4 Bc6 13. Rf2 Nd7 14. Bc4 Bxd4 15. Qxd4 Qb6 16. Nb5 Bxb5 17. Qxb6 Nxb6 18. Bxb5 Rfc8 19. Rd1 Rc5 20. c3 Kg7 21. Re2 Rac8 22. Rd4 R8c7 23. Kf1 f6 24. Ke1 Nc8 25. Rd1 Na7 26. Bd3 g5 27. Kd2 Nc6 28. Kc1 Nd4 29. Rf2 Ne6 30. Kb1 Nf4 31. Bc2 h6 32. Rfd2 Ng6 33. Bb3 Ne5 34. Ka2 Nd7 35. Rd4 R7c6 36. Bd5 Rc7 37. Be6 Nb6 38. R1d2 R7c6 39. Kb3 Rc7 40. Rd1 R7c6 41. Rh1 Re5 42. Bh3 Rec5 43. Rhd1 Nc4 44. Bd7 Rc7 45. Bb5 Nb6 46. Rh1 Rc8 47. h4 Rh8 48. Rh2 Re5 49. Ka3 Rc5 50. Rd1 Rhc8 51. Rdh1 Kf7 52. hxg5 hxg5 53. Rh7+ Ke6 54. Rg7 Nc4+ 55. Ka2 Ne5 56. Rhh7 R5c7 57. Ka3 Rf8 58. Rh6 Rcc8 59. Rgh7 Rf7 60. Rh8 Rff8 61. R8h7 Rf7 62. Rh8 Rff8 63. Rxf8 Rxf8 64. b4 Rc8 65. Kb2 b6 66. Rh1 Ng6 67. Kb3 Nh4 68. Rg1 Ke5 69. Ba6 Rc7 70. Be2 g4 71. Rh1 Nxg2 72. Rh5+ Kf4 73. fxg4 axb4 74. cxb4 Ne3 75. Rb5 Rc6 76. a5 bxa5 77. bxa5 Kxe4 78. a6 Nd5 79. a7 Nc7 80. Rb7 Na8 81. Rxe7+ Kf4 82. Re8 Nb6 83. Rb8 Rc7 84. Rxb6 Rxa7 85. Rb5 Ke3 86. Bc4 Re7 87. Rb8 Kf3 88. Rg8 Re3+ 89. Kc2 Re5 90. Ba6 Rc5+ 91. Kd2 Rd5+ 92. Kc3 Kf4 93. Bc8 Rd1 94. Bf5 Rd5 95. Rf8 Kg5 96. Re8 Kf4 97. Re4+ Kg5 98. Rd4 Rc5+ 99. Kd3 Rc6 100. Ke4 Ra6 101. Kd5 Rb6 102. Ke6 1-0

[Event "CZE-chT1W 1011"]
[Site "Czech Republic"]
[Date "2011.03.20"]
[Round "10.2"]
[White "Matras, Ondrej"]
[Black "Simek, Petr"]
[Result "0-1"]
[WhiteElo "2311"]
[BlackElo "2302"]
[PlyCount "60"]
[EventDate "2010.10.10"]
[EventType "team-tourn"]
[EventRounds "11"]
[EventCountry "CZE"]
[SourceTitle "EXT 2012"]
[Source "ChessBase"]
[SourceDate "2011.11.24"]
[SourceVersion "1"]
[SourceVersionDate "2011.11.24"]
[SourceQuality "1"]
[WhiteTeam "Praha Vrsovice"]
[BlackTeam "Praha Kobylisy"]
[WhiteTeamCountry "CZE"]
[BlackTeamCountry "CZE"]

1. d4 Nf6 2. c4 e6 3. Nc3 Bb4 4. Qc2 d5 5. cxd5 exd5 6. Bg5 c5 7. a3 Bxc3+ 8. bxc3 h6 9. Bxf6 Qxf6 10. dxc5 0-0 11. e3 Be6 12. Nf3 Rc8 13. Bd3 Rxc5 14. Rc1 Nd7 15. Qb2 b6 16. Nd4 Ne5 17. Be2 Qg6 18. Nxe6 fxe6 19. 0-0 Rac8 20. Rfd1 Nc4 21. Bxc4 Rxc4 22. Rd4 Rxc3 23. Rxc3 Rxc3 24. e4 Rc5 25. h4 Qf6 26. Qd2 Rc4 27. Rd3 Rxe4 28. g3 Qa1+ 29. Kg2 Qe1 30. Qc2 Rc4 0-1

[Event "CZE-chT1W 1011"]
[Site "Czech Republic"]
[Date "2010.11.28"]
[Round "4.2"]
[White "Hausner, Ivan"]
[Black "Simek, Petr"]
[Result "1/2-1/2"]
[WhiteElo "2437"]
[BlackElo "2302"]
[PlyCount "115"]
[EventDate "2010.10.10"]
[EventType "team-tourn"]
[EventRounds "11"]
[EventCountry "CZE"]
[SourceTitle "EXT 2012"]
[Source "ChessBase"]
[SourceDate "2011.11.24"]
[SourceVersion "1"]
[SourceVersionDate "2011.11.24"]
[SourceQuality "1"]
[WhiteTeam "Praha Holdia II"]
[BlackTeam "Praha Kobylisy"]
[WhiteTeamCountry "CZE"]
[BlackTeamCountry "CZE"]

1. f4 d5 2. Nf3 c6 3. b3 Bg4 4. e3 Nd7 5. Bb2 e6 6. Be2 f6 7. Nd4 Bxe2 8. Qxe2 Qe7 9. Qh5+ Qf7 10. Qh3 f5 11. d3 Nh6 12. Nd2 0-0-0 13. N2f3 Re8 14. 0-0-0 Bd6 15. Rhf1 Qg6 16. Kb1 Re7 17. e4 Rf8 18. exf5 exf5 19. Rde1 Rxe1+ 20. Rxe1 Qg4 21. Ne6 Qxh3 22. gxh3 Re8 23. Bxg7 Nf7 24. Bc3 Nd8 25. Ng7 Rxe1+ 26. Bxe1 Bxf4 27. Nxf5 Ne5 28. Nxe5 Bxe5 29. Bg3 Bc3 30. Bf2 a6 31. Bd4 Bd2 32. Be3 Bc3 33. Nh4 Kd7 34. Nf3 Nf7 35. Kc1 Ke6 36. Kd1 Kf5 37. Ke2 Ne5 38. Ng1 Ng6 39. Kf2 Be5 40. Nf3 Bf6 41. Kg3 h5 42. Ba7 Be5+ 43. Nxe5 Kxe5 44. Kf3 Nh4+ 45. Kf2 Kd6 46. Kg3 Ng6 47. Kf3 Ke5 48. Ke3 Nf8 49. c4 Nd7 50. Bd4+ Kf5 51. cxd5 cxd5 52. Bc3 Nf8 53. Kd4 Ke6 54. Bb4 Nd7 55. Ba3 Nf6 56. Ke3 Kf5 57. Bb2 Nd7 58. Kd4 1/2-1/2

[Event "Brezova op"]
[Site "Brezova pod Bradlom"]
[Date "2010.08.29"]
[Round "9"]
[White "Sosovicka, Juraj"]
[Black "Simek, Petr"]
[Result "1/2-1/2"]
[WhiteElo "2155"]
[BlackElo "2313"]
[PlyCount "78"]
[EventDate "2010.08.22"]
[EventType "swiss"]
[EventRounds "9"]
[EventCountry "SVK"]
[SourceTitle "CBM 138 Extra"]
[Source "ChessBase"]
[SourceDate "2010.10.29"]
[SourceVersion "1"]
[SourceVersionDate "2010.10.29"]
[SourceQuality "1"]

1. e4 e5 2. Nf3 Nc6 3. Bb5 a6 4. Ba4 Nf6 5. 0-0 b5 6. Bb3 Bc5 7. d3 d6 8. c3 0-0 9. Qe2 Qe7 10. Be3 Kh8 11. Nbd2 Bd7 12. Rfe1 Bxe3 13. fxe3 Na5 14. Bc2 d5 15. d4 Nc6 16. Rad1 Rae8 17. exd5 Nxd5 18. Be4 Be6 19. dxe5 Rd8 20. Nb3 Nb8 21. Nbd4 h6 22. Nxe6 Qxe6 23. Qd3 c6 24. Nd4 Qxe5 25. Nxc6 Nxc6 26. Bxd5 f5 27. e4 f4 28. Qf3 Ne7 29. Bb3 Ng6 30. Rxd8 Rxd8 31. Rd1 Qc5+ 32. Qf2 Rxd1+ 33. Bxd1 Qg5 34. Bf3 Ne5 35. b3 Qf6 36. Qc5 Qh4 37. Qf2 Qf6 38. Qc5 Qh4 39. Qf2 Qf6 1/2-1/2

[Event "Brezova op"]
[Site "Brezova pod Bradlom"]
[Date "2010.08.24"]
[Round "3"]
[White "Simek, Petr"]
[Black "Likavsky, Tomas"]
[Result "0-1"]
[WhiteElo "2313"]
[BlackElo "2440"]
[PlyCount "126"]
[EventDate "2010.08.22"]
[EventType "swiss"]
[EventRounds "9"]
[EventCountry "SVK"]
[SourceTitle "CBM 138 Extra"]
[Source "ChessBase"]
[SourceDate "2010.10.29"]
[SourceVersion "1"]
[SourceVersionDate "2010.10.29"]
[SourceQuality "1"]

1. e4 c5 2. Nf3 e6 3. d4 cxd4 4. Nxd4 a6 5. Be2 Nf6 6. Nc3 d6 7. 0-0 b5 8. Bf3 Ra7 9. Be3 Rc7 10. a4 b4 11. Na2 Bb7 12. Nxb4 d5 13. exd5 Bxb4 14. dxe6 Bxf3 15. Qxf3 Qd5 16. Bf4 Rb7 17. Qxd5 Nxd5 18. Bxb8 Rxb8 19. Nc6 Rb6 20. exf7+ Kxf7 21. Ne5+ Ke6 22. Nd3 Rc8 23. c3 Be7 24. Rfe1+ Kf7 25. Rad1 Bf6 26. Ne5+ Bxe5 27. Rxe5 Nf6 28. Re2 Rc4 29. Ra1 a5 30. g3 Ne4 31. Kg2 Rb7 32. Ra3 Nc5 33. b4 axb4 34. cxb4 Rcxb4 35. a5 Rb3 36. Rea2 Ra7 37. Rxb3 Nxb3 38. a6 Nc5 39. Ra5 Nxa6 40. Kf3 Ra8 41. Kg4 Nc7 42. Rf5+ Ke6 43. Rh5 Nd5 44. Kf3 Ra3+ 45. Kg2 Nf6 46. Rh4 Ra2 47. Rf4 g5 48. Rb4 Rd2 49. h3 Ke5 50. Rb5+ Rd5 51. Rb7 h6 52. Re7+ Kf5 53. Kf3 Rd3+ 54. Ke2 Ra3 55. Rf7 h5 56. Kf1 Kg6 57. Rf8 h4 58. gxh4 gxh4 59. Kg2 Nh5 60. Rg8+ Ng7 61. Rh8 Ra4 62. Kf3 Ne6 63. Rg8+ Kf5 0-1

[Event "CZE-chT2B 0910"]
[Site "Czech Republic"]
[Date "2010.04.18"]
[Round "11.2"]
[White "Simek, Petr"]
[Black "Soukup, Jiri"]
[Result "1-0"]
[WhiteElo "2269"]
[BlackElo "2311"]
[PlyCount "125"]
[EventDate "2009.10.18"]
[EventType "team-tourn"]
[EventRounds "11"]
[EventCountry "CZE"]
[SourceTitle "EXT 2012"]
[Source "ChessBase"]
[SourceDate "2011.11.24"]
[SourceVersion "1"]
[SourceVersionDate "2011.11.24"]
[SourceQuality "1"]
[WhiteTeam "Praha Kobylisy"]
[BlackTeam "Karlovy Vary"]
[WhiteTeamCountry "CZE"]
[BlackTeamCountry "CZE"]

1. e4 e5 2. Nf3 Nc6 3. d4 exd4 4. Nxd4 Bc5 5. Nxc6 Qf6 6. Qf3 Qxf3 7. gxf3 dxc6 8. Be3 Bxe3 9. fxe3 Be6 10. Rg1 g6 11. Nd2 Nf6 12. 0-0-0 Ke7 13. Bd3 Rad8 14. f4 Rhe8 15. a3 Kf8 16. Rg3 Nh5 17. Rgg1 Nf6 18. Rdf1 c5 19. e5 Ng4 20. Rg3 Nh6 21. e4 Bd7 22. f5 gxf5 23. exf5 Rxe5 24. Nc4 Rd5 25. Ne3 Rd6 26. f6 Re8 27. Nc4 Rde6 28. Rg5 b5 29. Na5 c4 30. Bxh7 Re1+ 31. Rxe1 Rxe1+ 32. Kd2 Rf1 33. Rc5 Ng4 34. Be4 Nxf6 35. Bc6 Rf2+ 36. Ke3 Ng4+ 37. Kd4 Bf5 38. Rxb5 Bxc2 39. Nxc4 Rxh2 40. Rb8+ Kg7 41. Rc8 Bb3 42. Rxc7 Bxc4 43. Kxc4 Rc2+ 44. Kb3 Rc1 45. Rc8 f5 46. Bd7 Rxc8 47. Bxc8 Ne3 48. Kb4 f4 49. Bb7 Kf6 50. Kc5 Ke5 51. b4 Nf5 52. a4 Nd6 53. Bh1 Ne4+ 54. Kc6 Nc3 55. a5 a6 56. Kb7 Kd4 57. Kxa6 Kc4 58. Kb6 Na4+ 59. Kc7 Kb5 60. Bc6+ Kxb4 61. a6 Ka5 62. a7 Nb6 63. Kb7 1-0

[Event "CZE-chT1W 0910"]
[Site "Czech Republic"]
[Date "2010.03.21"]
[Round "10.5"]
[White "Simek, Petr"]
[Black "Jedlicka, Ales"]
[Result "1-0"]
[WhiteElo "2269"]
[BlackElo "2301"]
[PlyCount "57"]
[EventDate "2009.10.11"]
[EventType "team-tourn"]
[EventRounds "11"]
[EventCountry "CZE"]
[SourceTitle "EXT 2011"]
[Source "ChessBase"]
[SourceDate "2010.11.26"]
[SourceVersion "1"]
[SourceVersionDate "2010.11.26"]
[SourceQuality "1"]
[WhiteTeam "Postovni sporitelna"]
[BlackTeam "Chrudim"]
[WhiteTeamCountry "CZE"]
[BlackTeamCountry "CZE"]

1. e4 c5 2. Nf3 a6 3. c3 e6 4. d4 d5 5. exd5 exd5 6. Be3 c4 7. a4 Nc6 8. Nbd2 Bd6 9. b3 cxb3 10. c4 Nge7 11. Nxb3 0-0 12. c5 Bc7 13. Be2 Nf5 14. Bd2 Qf6 15. Bc3 Nh4 16. 0-0 Bf5 17. Nxh4 Qxh4 18. g3 Qg5 19. Bf3 Rfe8 20. Bxd5 Rad8 21. Qf3 Qg6 22. Rfe1 Bg4 23. Qg2 Rxe1+ 24. Rxe1 Qd3 25. Qe4 Qxe4 26. Bxe4 f5 27. Bg2 f4 28. d5 f3 29. Bf1 1-0

[Event "CZE-chT1W 0910"]
[Site "Czech Republic"]
[Date "2010.02.21"]
[Round "9.6"]
[White "Londyn, Radek"]
[Black "Simek, Petr"]
[Result "1/2-1/2"]
[WhiteElo "2316"]
[BlackElo "2269"]
[PlyCount "103"]
[EventDate "2009.10.11"]
[EventType "team-tourn"]
[EventRounds "11"]
[EventCountry "CZE"]
[SourceTitle "EXT 2011"]
[Source "ChessBase"]
[SourceDate "2010.11.26"]
[SourceVersion "1"]
[SourceVersionDate "2010.11.26"]
[SourceQuality "1"]
[WhiteTeam "Lysa nad Labem"]
[BlackTeam "Postovni sporitelna"]
[WhiteTeamCountry "CZE"]
[BlackTeamCountry "CZE"]

1. d4 Nf6 2. Nf3 d5 3. c4 c6 4. Nbd2 Nbd7 5. e3 e6 6. Bd3 Bd6 7. 0-0 0-0 8. Re1 e5 9. cxd5 cxd5 10. e4 Re8 11. exd5 exd4 12. Ne4 Nxe4 13. Bxe4 Nf6 14. Bg5 h6 15. Bxf6 Qxf6 16. Bh7+ Kf8 17. Rxe8+ Kxe8 18. Nxd4 Bd7 19. Bc2 Kf8 20. Qd3 Re8 21. Rd1 g6 22. h3 Qe5 23. Nf3 Qf6 24. Qd4 Qxd4 25. Nxd4 Re5 26. Nf3 Re2 27. Nd4 Re5 28. Nf3 Re2 29. Rd2 Rxd2 30. Nxd2 Ke7 31. Bd3 b5 32. Nf3 Be8 33. Nd4 Be5 34. Nc6+ Bxc6 35. dxc6 Bxb2 36. Bxb5 Kd6 37. g3 f5 38. Kg2 Bd4 39. f4 Bb6 40. Kf3 Ke6 41. Bc4+ Kf6 42. Bb3 g5 43. Ke2 gxf4 44. gxf4 Bc7 45. Ke3 a5 46. a4 Bb8 47. h4 Bc7 48. h5 Bb8 49. Bc4 Bc7 50. Bf1 Bb8 51. Bh3 Bc7 52. Bf1 1/2-1/2